000 01914nam a2200337 a 4500
003 DO-SdBNP
005 20250403120423.0
007 ta
008 211014e2018 dr a|||grc||| 001 0 spa d
020 _a9789945894158
040 _aDO-SdBNP
_bspa
_cBNPHU
082 4 _a700.97293
_bO13a
_222
110 1 2 _aRepública Dominicana.
_bDirección General de Aduanas.
_943102
245 0 0 _aObras artistas plásticos, Dirección General de Aduanas /
_ceditora María de Carmen Ossaye ; fotografía, Hugo Garay ; Mariano Hernández ; prólogo, Pedro Vergés.
260 _aSanto Domingo :
_bDirección General de Aduanas,
_c2018.
300 _av. :
_bil. ;
_c30 cm.
490 1 _aAduanas
500 _aIncluye índice de artistas: v.1, p. 263-277; v.2, p. 240-250; v.3, p. 211- 222
505 _aPresentación. /
_rMiguel Coco Guerrero.--
_tPalabras del director. /
_rEnrique A. Ramírez Paniagua.--
_tPrólogo.--
_tIntroducción.--
_tEl museo de arte de la Dirección General Aduanas,--
_tArte, historia, colección y aduana Dominicana
_tDanilo de los Santos. /
_rGeneración de los 20 a los 50.--
_rGeneración de los 20--
_rGeneración de los 30 a los 40.--
_rGeneración de los 50.--
_rGeneración de los 60.--
_tMyrna Guerrero. /
_rGeneración de los 60.--
_rGeneración de los 70, 80 y los 90.--
_tMarianne de Tolentino. /
_rGeneración de los 70, 80 y los 90.--
_tEscultura.--
_tÍndice de artistas.
590 _aInventariado 2021 / MF
650 4 _937843
_aArte Dominicano.
_ySiglo XX
650 4 _aPintura dominicana
_980233
_ySiglo XX
650 4 _aEscultura
_zRepública Dominicana
_ySiglo XX
_980323
700 1 _aOssaye, María de Carmen,
_eeditora.
_980234
700 1 _aVerges, Pedro,
_d1945-
_eprólogo
_912149
700 1 _aGaray, Hugo,
_efotógrafo
_980235
700 1 _959875
_aHernández, Mariano,
_efotógrafo
830 _aColección Aduanas
_980237
910 _aValidado. Control de calidad MFF
942 _2ddc
_cLBS1
999 _c50755
_d50755